000 00438nam a2200133Ia 4500
008 220216s9999 xx 000 0 und d
100 _aBukhina M F
245 0 _aMethod for rapid determination of the rubber tendency to crystallize under compression
260 _bProceedings of the International Rubber Conference, Venice, 1979; p471
650 _aVulcanised rubber
700 _aKucherskii A M
700 _aNikttin O V
942 _cJS
999 _c62854
_d62854